000 00321nam a22001217a 4500
008 181126b xxu||||| |||| 00| 0 eng d
041 _aeng
080 _a043.3
100 _a0
101 _aMTH-MBE
245 _aNdikimi i Politikave fiskale në ndërmarrjet e vogla dhe të mesme në Kosovë
_cHoti,E
942 _2udc
_cBK
999 _c52531
_d52531